[Event "Vilnius"]
[Site "Vilnius"]
[Date "1988.??.??"]
[Round "?"]
[White "Khalifman, Alexander"]
[Black "Epishin, Vladimir"]
[Result "1/2-1/2"]
[WhiteElo "2505"]
[BlackElo "2475"]

1.d4 Nf6 2.Nf3 g6 3.c4 Bg7 4.Nc3 d5 5.cxd5 Nxd5 6.e4 Nxc3 7.bxc3 c5 8.Rb1 O-O
9.Be2 cxd4 10.cxd4 Qa5+ 11.Bd2 Qxa2 12.O-O b6 13.Qc1 Bb7 14.Bc4 Qa4 15.Bb5 Qa2
16.Bc4 Qa4 17.Bb5 Qa2 18.Re1 Rc8 19.Qd1 e6 20.Qe2 Nc6 21.Qe3 e5 22.d5 Nd4
23.Nxd4 exd4 24.Qf4 Bf8 25.Ra1 Qc2 26.Bd7 Rc5 27.Bb4 d3 28.Bxc5 Bxc5 29.Rec1 Qb2
30.Rd1 a5 31.Rab1 Qc3 32.Bb5 a4 33.Rxd3 Qc2 34.Rf1 a3 35.Rf3 Rf8 36.Be8 f5
37.Bd7 Qxe4 38.Be6+ Kh8 39.Qd2 Qe5 40.Rb3 Rd8 41.Re1  1/2-1/2

[Event "Bad Mergentheim op"]
[Site "Bad Mergentheim"]
[Date "1989.??.??"]
[Round "?"]
[White "Danailov, Silvio"]
[Black "Khalifman, Alexander"]
[Result "1/2-1/2"]
[WhiteElo "2375"]
[BlackElo "2545"]

1.Nf3 d6 2.d4 Bg4 3.c4 Nd7 4.e4 e5 5.Be2 Be7 6.Nc3 Bf6 7.Be3 Ne7 8.d5 Ng6
9.g3 Bxf3 10.Bxf3 Bg5 11.Bxg5 Qxg5 12.h4 Qd8 13.Kf1 O-O 14.Kg2 a5 15.Qc2 Nc5
16.Nd1 Ne7 17.Ne3 c6 18.Bg4 cxd5 19.cxd5 b5 20.Rac1 Nc8 21.Qb1 Nb6 22.Be2 Qd7
23.Bg4 Qd8 24.Be2 Qd7 25.Bg4 Qd8 26.Be2 Qd7  1/2-1/2

[Event "Bad Mergentheim op"]
[Site "Bad Mergentheim"]
[Date "1989.??.??"]
[Round "?"]
[White "Rausis, Igors"]
[Black "Khalifman, Alexander"]
[Result "1/2-1/2"]
[WhiteElo "2450"]
[BlackElo "2545"]

1.e4 e5 2.Nf3 Nc6 3.Bb5 a6 4.Bxc6 dxc6 5.O-O Ne7 6.Nxe5 Qd4 7.Qh5 g6 8.Nf3 Qxe4
9.Qa5 Qf4 10.Re1 Bg7 11.Nc3 b6 12.d4 Qd6 13.Qg5 h6 14.Qf4 g5 15.Qe3 Be6 16.Ne4 Qd5
17.Qa3 Nf5 18.c3 Nd6 19.Nxd6+ Qxd6 20.Qa4 O-O 21.h4 f6 22.hxg5 hxg5 23.Be3 Bd5
24.Nd2 Kf7 25.c4 b5 26.Qc2 bxc4 27.Nxc4 Qe6 28.Bd2 Qd7 29.Ne3 Be6 30.Rac1 Qxd4
31.Qxc6 Qxd2 32.Nf1 Qd7 33.Qxe6+ Qxe6 34.Rxc7+ Kg6 35.Rxe6 Rf7 36.Rxf7 Kxf7
37.Rc6 a5 38.Ne3 a4 39.Rb6 a3 40.g4 axb2 41.Rxb2 Bf8 42.Rc2 Bd6 43.Kg2 Bf4
44.Nf5 Ra3 45.Rb2 Be5 46.Rc2 Bf4 47.Nd4 Be5 48.Nf3 Ra4 49.Nxe5+ fxe5 50.Kf3 Ke6
51.Rc6+ Kf7 52.Rc2 Ke6 53.Rd2 e4+ 54.Kg3  1/2-1/2

[Event "Bad Mergentheim op"]
[Site "Bad Mergentheim"]
[Date "1989.??.??"]
[Round "?"]
[White "Khalifman, Alexander"]
[Black "Wittke, Martin"]
[Result "1-0"]
[WhiteElo "2545"]
[BlackElo "2250"]

1.d4 g6 2.e4 Bg7 3.Nc3 c6 4.Nf3 d5 5.h3 Nf6 6.e5 Ne4 7.Bd3 Nxc3 8.bxc3 c5
9.O-O c4 10.Be2 Qa5 11.Qd2 Nd7 12.a4 Nb6 13.Ba3 Nxa4 14.Bb4 Qa6 15.Qg5 Bf8
16.Qf4 h6 17.Qe3 Qc6 18.e6 Bxe6 19.Ne5 Qa6 20.Bg4 Bxg4 21.hxg4 Rh7 22.Rfe1 e6
23.Bxf8 Kxf8 24.Qf4 b5 25.Nd7+ Ke7 26.Nf6 Rhh8 27.Nxd5+ Kf8 28.Nc7 Qc8 29.Nxa8 Qxa8
30.Rxe6 Nxc3 31.Rae1 Nd5 32.Re8+  1-0

[Event "Bad Mergentheim op"]
[Site "Bad Mergentheim"]
[Date "1989.??.??"]
[Round "?"]
[White "Khalifman, Alexander"]
[Black "Roeder, Frank"]
[Result "1-0"]
[WhiteElo "2545"]
[BlackElo "2355"]

1.e4 c5 2.Nf3 Nc6 3.Bb5 g6 4.O-O Bg7 5.Re1 e5 6.Bxc6 dxc6 7.d3 Qe7 8.b4 cxb4
9.a3 Nh6 10.axb4 O-O 11.Bd2 f6 12.h3 Be6 13.Qc1 Nf7 14.Qb2 Rfd8 15.Be3 b6
16.Nc3 Rab8 17.Ra6 Rb7 18.Rea1 Bf8 19.b5 c5 20.Qa3 Rdd7 21.Nd5 Bxd5 22.exd5 f5
23.c4 g5 24.Re1 Qf6 25.Qc1 h6 26.Ra2 Bd6 27.Bd2 Re7 28.Bc3 h5 29.Nh2 Qg6
30.f3 e4 31.dxe4 fxe4 32.Rae2 exf3 33.Nxf3 Rxe2 34.Rxe2 Re7 35.Rxe7 Bxe7
36.Qe1 Bf6 37.Ne5 Nxe5 38.Bxe5 Qe8 39.Bg3 Bd4+ 40.Kh2 Qxe1 41.Bxe1 Kf7 42.Kg3 Bf6
43.Kf3 Bd8 44.Ke4 Kf6 45.Bc3+ Kg6 46.g4 Bf6 47.Be5  1-0

[Event "Bad Mergentheim op"]
[Site "Bad Mergentheim"]
[Date "1989.??.??"]
[Round "?"]
[White "Khalifman, Alexander"]
[Black "Maxion, Dirk"]
[Result "1-0"]
[WhiteElo "2545"]
[BlackElo "2210"]

1.e4 c5 2.Nf3 d6 3.d4 cxd4 4.Nxd4 Nf6 5.Nc3 e6 6.f4 a6 7.Be2 Be7 8.O-O O-O
9.a4 Nc6 10.Be3 Qc7 11.Kh1 Re8 12.Bd3 Bd7 13.Qe1 Nb4 14.Nf3 Bc6 15.a5 Nxd3
16.cxd3 Nd7 17.Nd4 Rac8 18.Qg3 Bf6 19.Nxc6 bxc6 20.d4 e5 21.fxe5 dxe5 22.d5 c5
23.Rf2 Be7 24.Qf3 f6 25.Qg4 Bd6 26.h4 c4 27.Na4 Rcd8 28.Nb6 c3 29.Rc1 Bb4
30.bxc3 Bxa5 31.Nxd7  1-0

[Event "Bad Mergentheim op"]
[Site "Bad Mergentheim"]
[Date "1989.??.??"]
[Round "?"]
[White "Blasek, Ralph"]
[Black "Khalifman, Alexander"]
[Result "1/2-1/2"]
[WhiteElo "2290"]
[BlackElo "2545"]

1.e4 c5 2.Nc3 Nc6 3.Nge2 d6 4.d4 cxd4 5.Nxd4 Nf6 6.Bc4 Qb6 7.Ndb5 a6 8.Be3 Qd8
9.Nd4 Ng4 10.Nxc6 bxc6 11.Bf4 e5 12.Bg3 Be7 13.O-O O-O 14.h3 Nf6 15.Kh1 g6
16.Bh2 Nh5 17.Ne2 Nf6 18.Nc3 Be6 19.Bd3 Nd7 20.f4 exf4 21.Bxf4 Ne5 22.Qe2 Rb8
23.b3 a5 24.Rad1 Bf6 25.Nb1 Rc8 26.Ba6 Rc7 27.Nd2 Rd7 28.Nf3 Nxf3 29.Qxf3 Qb6
30.Be2  1/2-1/2

[Event "Groningen op"]
[Site "Groningen"]
[Date "1989.??.??"]
[Round "2"]
[White "Khalifman, Alexander"]
[Black "Pieterse, Gert"]
[Result "1-0"]
[WhiteElo "2545"]
[BlackElo "2415"]

1.d4 Nf6 2.c4 g6 3.Nc3 Bg7 4.e4 O-O 5.Nf3 d6 6.Be2 e5 7.O-O Nc6 8.d5 Ne7
9.Ne1 Nd7 10.Nd3 f5 11.Bd2 fxe4 12.Nxe4 Nf6 13.Bf3 Nf5 14.Bc3 Nh4 15.Nxf6+ Qxf6
16.Be4 Bf5 17.Qe2 Bxe4 18.Qxe4 Qf5 19.f3 g5 20.Rae1 Ng6 21.g3 Rf7 22.Kg2 Raf8
23.a4 Ne7 24.Qxf5 Nxf5 25.Nf2 Bf6 26.Ne4 Be7 27.Rf2 h6 28.Rd2 Kh7 29.Rd3 Kg6
30.b4 h5 31.h3 g4 32.fxg4 hxg4 33.hxg4 Nh6 34.Kh3 Rh7 35.Bd2 Rfh8 36.g5 Nf7+
37.Kg4 Rh5 38.Rf1 Nxg5 39.Bxg5 Bxg5 40.c5 Be7 41.cxd6 cxd6 42.Rc3 Rg8 43.Rc7 Kh6+
44.Kf3 Rh2 45.Rf2 Rf8+ 46.Ke2 Rfxf2+ 47.Nxf2 Bd8 48.Rc8 Bf6 49.Kf3 Kg6 50.Rg8+ Bg7
51.Rd8 e4+ 52.Nxe4 Rb2 53.b5 Be5 54.Nxd6 Rb3+ 55.Ke2  1-0

[Event "Groningen op"]
[Site "Groningen"]
[Date "1989.??.??"]
[Round "3"]
[White "Legky, Nikolay A"]
[Black "Khalifman, Alexander"]
[Result "1/2-1/2"]
[WhiteElo "2420"]
[BlackElo "2545"]

1.d4 Nf6 2.Nf3 e6 3.c4 b6 4.Nc3 Bb7 5.Bg5 Be7 6.e3 O-O 7.Be2 c5 8.O-O d6
9.Qc2 cxd4 10.Nxd4 Nbd7 11.Rfd1 a6 12.Bf3 Qc7 13.Ne4 Rfe8 14.Nxf6+ Nxf6 15.Rac1 Rac8  1/2-1/2

[Event "Groningen op"]
[Site "Groningen"]
[Date "1989.??.??"]
[Round "4"]
[White "Khalifman, Alexander"]
[Black "Nijboer, Friso"]
[Result "1-0"]
[WhiteElo "2545"]
[BlackElo "2445"]

1.d4 Nf6 2.c4 g6 3.Nc3 Bg7 4.e4 d6 5.Be2 O-O 6.Nf3 e5 7.O-O Nc6 8.d5 Ne7
9.Ne1 Nd7 10.Nd3 f5 11.Bd2 c5 12.Rb1 Nf6 13.f3 f4 14.b4 b6 15.g4 fxg3 16.hxg3 h6
17.bxc5 bxc5 18.Kg2 g5 19.Rh1 Bd7 20.Nb5 Be8 21.Nf2 Bg6 22.Qa4 g4 23.Qa5 gxf3+
24.Bxf3 a6 25.Qxd8 Raxd8 26.Nc7 Nxe4 27.Nxe4 Rxf3 28.Kxf3 Rf8+ 29.Bf4 Nf5
30.Ne6 Nd4+ 31.Nxd4 cxd4 32.Nxd6 exf4 33.g4 Bxb1 34.Rxb1 Be5 35.Ne4 Rb8 36.Rxb8+ Bxb8
37.Nc5 Kf7 38.Nxa6 Bd6 39.c5 Bf8  1-0

[Event "Groningen op"]
[Site "Groningen"]
[Date "1989.??.??"]
[Round "6"]
[White "Khalifman, Alexander"]
[Black "Schlosser, Michael"]
[Result "1-0"]
[WhiteElo "2545"]
[BlackElo "2440"]

1.d4 Nf6 2.Nf3 g6 3.c4 Bg7 4.Nc3 O-O 5.e4 d6 6.Be2 e5 7.O-O Nc6 8.d5 Ne7
9.Ne1 Nd7 10.Nd3 f5 11.Bd2 Nf6 12.f3 f4 13.g4 h5 14.g5 Nh7 15.h4 Nxg5 16.hxg5 Nf5
17.Rf2 Qxg5+ 18.Rg2 Ng3 19.Nf2 Rf7 20.Bd3 Bf8 21.Ne2 h4 22.Kh2 Rh7 23.Rg1 Be7
24.Nc3 Qh5 25.Ng4 h3 26.Ne2 Bh4 27.Be1  1-0

[Event "Groningen op"]
[Site "Groningen"]
[Date "1989.??.??"]
[Round "7"]
[White "Khalifman, Alexander"]
[Black "Hansen, Lars Bo"]
[Result "1/2-1/2"]
[WhiteElo "2545"]
[BlackElo "2540"]

1.e4 e6 2.d4 d5 3.Nc3 Bb4 4.e5 Ne7 5.a3 Bxc3+ 6.bxc3 b6 7.Ne2 Ba6 8.Nf4 Bxf1
9.Kxf1 Ng6 10.Nh5 Rg8 11.h4 Nd7 12.g3 f6  1/2-1/2

[Event "Groningen op"]
[Site "Groningen"]
[Date "1989.??.??"]
[Round "8"]
[White "Szymczak, Zbigniew"]
[Black "Khalifman, Alexander"]
[Result "0-1"]
[WhiteElo "2400"]
[BlackElo "2545"]

1.d4 Nf6 2.c4 g6 3.Nc3 Bg7 4.Nf3 d6 5.e4 O-O 6.Be2 e5 7.dxe5 dxe5 8.Qxd8 Rxd8
9.Bg5 c6 10.Nxe5 Re8 11.O-O-O Na6 12.Nf3 Bg4 13.Be3 Nxe4 14.Nxe4 Rxe4 15.Rd2 Bf6
16.Rhd1 Rae8 17.b3 Rxe3 18.fxe3 Rxe3 19.h3 Bf5 20.Bd3 Bxh3 21.gxh3 Rxf3 22.Re2 Kg7
23.Re8 Nb4 24.Bb1 Rf2 25.Rg1 h6 26.a3 Na2+ 27.Bxa2 Rxa2 28.Rd1 Rxa3 29.Rd3 a5
30.Rb8 a4 31.Rxb7 axb3 32.Rdxb3 Ra4 33.R3b4 Rxb4 34.Rxb4 c5 35.Rb6 Bd4 36.Kd2 g5
37.Ke2 f6 38.Kf3 Kg6 39.h4 Kf5 40.hxg5 hxg5 41.Rb7 g4+ 42.Kg2 Ke4 43.Rg7 f5
44.Rg8 Be5 45.Rg5 g3 46.Rg8 f4 47.Rf8 Bd4 48.Re8+ Kd3 49.Kf3 Be3 50.Rg8 Kxc4
51.Ke4 Kc3 52.Rg7 c4 53.Kf3 Kd3 54.Rd7+ Bd4  0-1

[Event "Leningrad2"]
[Site "Leningrad"]
[Date "1989.??.??"]
[Round "?"]
[White "Ivanov, Sergey"]
[Black "Khalifman, Alexander"]
[Result "1/2-1/2"]
[WhiteElo "2465"]
[BlackElo "2545"]

1.d4 Nf6 2.c4 e6 3.Nf3 Bb4+ 4.Nbd2 d5 5.Qa4+ Nc6 6.Ne5 Bd7 7.Nxc6 Bxd2+ 8.Bxd2 Bxc6
9.Qc2 dxc4 10.Qxc4 Ne4 11.Be3 Nd6 12.Qc3 Nf5 13.Rd1 Nxe3 14.Qxe3 O-O 15.h4 Qd5
16.a3 a5 17.Rh3 Ra6 18.Qg5 Qd7  1/2-1/2

[Event "Leningrad2"]
[Site "Leningrad"]
[Date "1989.??.??"]
[Round "?"]
[White "Khalifman, Alexander"]
[Black "Epishin, Vladimir"]
[Result "1/2-1/2"]
[WhiteElo "2545"]
[BlackElo "2460"]

1.d4 Nf6 2.Nf3 e6 3.c4 b6 4.Nc3 Bb7 5.a3 d5 6.cxd5 Nxd5 7.Qc2 Nxc3 8.bxc3 Nd7
9.e4 c5 10.Bf4 cxd4 11.cxd4 Rc8 12.Qb1 Be7 13.Bd3 O-O 14.O-O g6 15.a4 Rc3
16.Rc1 Rxc1+ 17.Bxc1 Qc7 18.Bd2  1/2-1/2

[Event "Leningrad2"]
[Site "Leningrad"]
[Date "1989.??.??"]
[Round "?"]
[White "Khalifman, Alexander"]
[Black "Kupreichik, Viktor D"]
[Result "1-0"]
[WhiteElo "2545"]
[BlackElo "2520"]

1.e4 e5 2.Nf3 Nc6 3.Bb5 a6 4.Ba4 Nf6 5.O-O Be7 6.Re1 b5 7.Bb3 O-O 8.c3 d6
9.h3 a5 10.d3 a4 11.Bc2 Re8 12.Nbd2 Bf8 13.Nf1 d5 14.exd5 Nxd5 15.a3 g6 16.c4 Nb6
17.Bg5 f6 18.cxb5 Nd4 19.Nxd4 Qxd4 20.Bxf6 Bc5 21.Qd2 Rf8 22.Re4 Qxb2 23.d4 Qxa1
24.dxc5 Rxf6 25.cxb6 Bb7 26.bxc7 Qxa3 27.Rxe5 Qd6 28.Qc3 a3 29.Be4 Qb6 30.Bxb7 Qxb7
31.Re7 Raf8 32.Qc4+ Kh8 33.Qh4 h5 34.Qg5 Kg8 35.Qh6 Qxg2+ 36.Kxg2 Rxf2+ 37.Kg3 R8f3+
38.Kh4 Rf4+ 39.Qxf4 Rxf4+ 40.Kg3 Rf8 41.b6 a2 42.Re1  1-0

[Event "Leningrad2"]
[Site "Leningrad"]
[Date "1989.??.??"]
[Round "?"]
[White "Sapis, Witalis"]
[Black "Khalifman, Alexander"]
[Result "1/2-1/2"]
[WhiteElo "2385"]
[BlackElo "2545"]

1.d4 Nf6 2.Nf3 g6 3.Bf4 d6 4.h3 Bg7 5.e3 O-O 6.c3 c5 7.Be2 cxd4 8.cxd4 Qb6
9.Qc1 Nd5 10.Bh2 Bf5 11.Nc3 Rc8 12.Qd2 Nxc3 13.bxc3 Nc6 14.Rc1 d5 15.O-O Na5
16.Ne5 Qd8 17.Qb2 Be6 18.Qb4 f6 19.Nf3 Bf7 20.Nd2 e5  1/2-1/2

[Event "Leningrad2"]
[Site "Leningrad"]
[Date "1989.??.??"]
[Round "?"]
[White "Taimanov, Mark E"]
[Black "Khalifman, Alexander"]
[Result "1/2-1/2"]
[WhiteElo "2495"]
[BlackElo "2545"]

1.Nf3 Nf6 2.d4 d5 3.c4 e6 4.Nc3 Be7 5.Bg5 h6 6.Bh4 O-O 7.e3 b6 8.Rc1 Bb7
9.cxd5 Nxd5 10.Nxd5 exd5 11.Bxe7 Qxe7 12.Qa4 c5 13.Qa3 Rc8 14.Be2 Kf8  1/2-1/2

[Event "Leningrad"]
[Site "Leningrad"]
[Date "1989.??.??"]
[Round "?"]
[White "Grivas, Efstratios"]
[Black "Khalifman, Alexander"]
[Result "0-1"]
[WhiteElo "2440"]
[BlackElo "2545"]

1.d4 Nf6 2.c4 c5 3.d5 b5 4.Bg5 Ne4 5.Bf4 Qa5+ 6.Nd2 g5 7.Be3 bxc4 8.Qc2 Nf6
9.Bxg5 Nxd5 10.Qxc4 Nb6 11.Qc3 Qxc3 12.bxc3 Bg7 13.Rc1 Na4 14.Nb1 Nc6 15.e4 Rb8
16.Nf3 d6 17.Nfd2 Be6 18.Rc2 Kd7 19.Be2 Rb6 20.O-O Rhb8 21.Rfc1 Rb2 22.a3 Ba2
23.Rxb2 Rxb2 24.Bd1 Nb6 25.f3 Ne5 26.Rc2 Rxb1 27.Nxb1 Bxb1 28.Rc1 Bd3 29.a4 Nbc4
30.Bb3 Na5 31.Ba2 c4 32.Be3 Nec6 33.Bb1 Bxb1 34.Rxb1 Nb3 35.Rb2 Bxc3 36.Rc2 Bd4  0-1

[Event "Leningrad"]
[Site "Leningrad"]
[Date "1989.??.??"]
[Round "?"]
[White "Khalifman, Alexander"]
[Black "Brynell, Stellan"]
[Result "1-0"]
[WhiteElo "2545"]
[BlackElo "2485"]

1.e4 e6 2.d4 d5 3.Nc3 Bb4 4.e5 Qd7 5.Bd2 b6 6.Bb5 c6 7.Ba4 a5 8.a3 Bxc3 9.Bxc3 Ba6
10.Bd2 Bb5 11.Bxb5 cxb5 12.Qg4 f5 13.Qh5+ g6 14.Qe2 Qc6 15.h4 h6 16.Rh3 Na6
17.Rc3 Qd7 18.Rb3 b4 19.a4 Nc7 20.c3 bxc3 21.Rxc3 Ne7 22.Rac1 Rc8 23.Nh3 Kf7
24.b3 Na8 25.Rxc8 Nxc8 26.Qa6 Na7 27.b4 axb4 28.Bxb4 Nc6 29.Qb5 Rc8 30.Bd2 Kg7
31.Nf4 Rc7 32.Be3 Qc8 33.Qb2 Nd8 34.Rxc7+ Qxc7 35.Qb5 Qc3+ 36.Bd2 Qc6 37.Qb3 Kh7
38.Qe3 Nf7 39.Qg3 Nh8 40.Qc3 Qd7 41.Qb4 Nf7 42.Qf8 Nc7 43.Bb4 Ne8 44.Be7 Nh8
45.Bf6 Nf7 46.h5 gxh5 47.Nxh5 Kg6 48.Nf4+ Kh7 49.Kf1 Nxf6 50.exf6 Nd6 51.Nxe6 Kg6
52.Nf4+  1-0

[Event "Leningrad"]
[Site "Leningrad"]
[Date "1989.??.??"]
[Round "?"]
[White "Khalifman, Alexander"]
[Black "Marinkovic, Ivan"]
[Result "1-0"]
[WhiteElo "2545"]
[BlackElo "2420"]

1.e4 Nf6 2.e5 Nd5 3.d4 d6 4.Nf3 g6 5.Bc4 Nb6 6.Bb3 Bg7 7.a4 d5 8.a5 Nc4 9.Nbd2 Nxd2
10.Bxd2 O-O 11.O-O Bg4 12.h3 Bxf3 13.Qxf3 e6 14.Bb4 Re8 15.Ba4 c6 16.Qe2 b5
17.Bb3 Nd7 18.Bd2 f5 19.c3 a6 20.g4 Qh4 21.Kg2 c5 22.f4 Qe7 23.Rg1 cxd4 24.cxd4 Rac8
25.Kh2 Kh8 26.Rg2 Nb8 27.gxf5 gxf5 28.Rag1 Rg8 29.Qh5 Nc6 30.Be3 Qe8 31.Qh4 Nxa5
32.Bd1 Nc4 33.Bf2 Rc7 34.Bh5 Qe7 35.Qf6 h6 36.Bh4 Qf8 37.Qxe6 Ne3 38.Re2 Qb4
39.Rxe3 Qxd4 40.Reg3 Qxf4 41.Bf6 Rc2+ 42.Kh1  1-0

[Event "Leningrad"]
[Site "Leningrad"]
[Date "1989.??.??"]
[Round "?"]
[White "Lukin, Andrei M"]
[Black "Khalifman, Alexander"]
[Result "1/2-1/2"]
[WhiteElo "2450"]
[BlackElo "2545"]

1.c4 Nf6 2.Nc3 e5 3.Nf3 Nc6 4.e3 Be7 5.a3 O-O 6.Qc2 d6 7.Be2 Re8 8.O-O Bg4
9.d3 a5 10.h3 Bf5 11.Rb1 Bf8 12.e4 Bd7 13.b4 axb4 14.axb4 Nd4 15.Nxd4 exd4
16.Nd5 Ba4 17.Nxf6+ Qxf6 18.Qd2 b5 19.Bb2 Rab8 20.Rfc1 c5  1/2-1/2

[Event "Leningrad"]
[Site "Leningrad"]
[Date "1989.??.??"]
[Round "?"]
[White "Yuneev, Alexey"]
[Black "Khalifman, Alexander"]
[Result "1/2-1/2"]
[WhiteElo "2345"]
[BlackElo "2545"]

1.d4 Nf6 2.c4 d6 3.Nc3 Nbd7 4.Nf3 g6 5.Bf4 Bg7 6.e3 O-O 7.h3 b6 8.Be2 Bb7
9.O-O Ne4 10.Nxe4 Bxe4 11.Nd2 Bb7 12.Bf3 Bxf3 13.Nxf3 c5 14.Qd2 a6 15.a4 Qc7
16.Rfc1 Qb7 17.b4 Rfc8 18.Rab1 e5 19.Bh2  1/2-1/2

[Event "EUCup Novosibirsk"]
[Site "Novosibirsk"]
[Date "1989.??.??"]
[Round "?"]
[White "Yurtaev, Leonid"]
[Black "Khalifman, Alexander"]
[Result "1-0"]
[WhiteElo "2510"]
[BlackElo "2545"]

1.e4 c5 2.Nf3 d6 3.d4 cxd4 4.Nxd4 Nf6 5.Nc3 Nc6 6.Bg5 e6 7.Qd3 Be7 8.O-O-O O-O
9.Qg3 Nxd4 10.Rxd4 Qa5 11.Ra4 Qc5 12.Be3 Qc7 13.Be2 Bd7 14.Rd4 Rfc8 15.Rhd1 b5
16.Bh6 Bf8 17.R1d2 Rab8 18.Bg5 b4 19.Nd1 Qa5 20.Bxf6 Qxa2 21.R2d3 Ba4 22.Kd2 Bxc2
23.e5 Bxd1 24.Bxd1 Rc3 25.Rg4 Rxd3+ 26.Kxd3 g6 27.exd6 Qd5+ 28.Ke2 Bxd6 29.Qd3  1-0

[Event "Sochi-A"]
[Site "Sochi"]
[Date "1989.??.??"]
[Round "?"]
[White "Khalifman, Alexander"]
[Black "Vyzmanavin, Alexey"]
[Result "1/2-1/2"]
[WhiteElo "2545"]
[BlackElo "2555"]

1.d4 Nf6 2.c4 e6 3.Nf3 b6 4.g3 Ba6 5.b3 Bb4+ 6.Bd2 Be7 7.Bg2 d5 8.cxd5 exd5
9.O-O O-O 10.Nc3 Bb7 11.Qc2 Nbd7 12.Rfd1 c6 13.Bf4 Nh5 14.Be5 f6 15.Bf4 f5
16.Be3 g6 17.Qd2 Ng7 18.Bh6 Bd6 19.Bf4 Ba3 20.h4 Rc8  1/2-1/2

[Event "Sochi-A"]
[Site "Sochi"]
[Date "1989.??.??"]
[Round "?"]
[White "Khalifman, Alexander"]
[Black "Popchev, Milko"]
[Result "1-0"]
[WhiteElo "2545"]
[BlackElo "2425"]

1.e4 d6 2.d4 Nf6 3.Nc3 g6 4.f4 Bg7 5.Nf3 c5 6.Bb5+ Bd7 7.e5 Ng4 8.e6 fxe6
9.Ng5 Bxb5 10.Nxb5 Qa5+ 11.c3 Qxb5 12.Qxg4 Bf6 13.Qxe6 Na6 14.Nf7 Qb6 15.Nxh8 cxd4
16.O-O Nc7 17.Qh3 dxc3+ 18.Be3 Qxb2 19.Rab1 Qxa2 20.Rxb7 Qc4 21.Rfb1 Bxh8
22.Rb8+ Kf7 23.Qxh7+  1-0

[Event "Sochi-A"]
[Site "Sochi"]
[Date "1989.??.??"]
[Round "?"]
[White "Lautier, Joel"]
[Black "Khalifman, Alexander"]
[Result "1/2-1/2"]
[WhiteElo "2465"]
[BlackElo "2545"]

1.d4 Nf6 2.c4 e6 3.Nf3 d5 4.cxd5 exd5 5.Bg5 Be7 6.e3 c6 7.Bd3 Ne4 8.Bxe7 Qxe7
9.Qc2 Bf5 10.Nc3 Nd7 11.O-O O-O 12.b4 Rac8 13.Na4 Bg6 14.Rfe1 Bh5 15.Nd2 f5
16.f3 Qg5 17.f4 Qe7 18.Nf3 Rf6 19.Ne5 Nxe5 20.fxe5 Rh6 21.Rf1 Qh4 22.Bxe4 fxe4
23.Qf2 Qe7 24.a3 Rg6 25.Kh1 Bg4 26.Ra2 b6 27.Nc3 h5 28.Qf4 h4 29.h3 Be6 30.Rd2 Rh6
31.Qf2 Rh5 32.Qe1 Rh6 33.Rdf2 Qg5 34.Rf4 Kh7 35.Qf2 Ra8 36.Rd1 Re8 37.Kh2 Kg8
38.Rf1 Kh7 39.Rd1 Rc8 40.Rf1 Qe7 41.Qe1 Qg5 42.Kh1  1/2-1/2

[Event "Sochi-A"]
[Site "Sochi"]
[Date "1989.??.??"]
[Round "?"]
[White "Khalifman, Alexander"]
[Black "Ulibin, Mikhail"]
[Result "1-0"]
[WhiteElo "2545"]
[BlackElo "2495"]

1.e4 e6 2.d4 d5 3.Nc3 Nf6 4.Bg5 Be7 5.e5 Nfd7 6.h4 O-O 7.Bd3 f5 8.Nh3 Na6
9.Bxa6 bxa6 10.Na4 Qe8 11.O-O c5 12.Nf4 Qf7 13.c4 dxc4 14.d5 Nxe5 15.d6 Bxg5
16.hxg5 Nd7 17.Nxe6 Qxe6 18.Re1 Qxe1+ 19.Qxe1 Bb7 20.Qe6+ Rf7 21.Re1 Be4
22.f3 Bd3 23.Qd5 Rf8 24.Re7  1-0

[Event "Sochi-A"]
[Site "Sochi"]
[Date "1989.??.??"]
[Round "?"]
[White "Khalifman, Alexander"]
[Black "Schlosser, Michael"]
[Result "1-0"]
[WhiteElo "2545"]
[BlackElo "2430"]

1.e4 d6 2.d4 Nf6 3.Nc3 g6 4.f4 Bg7 5.Nf3 O-O 6.Bd3 Na6 7.O-O c5 8.d5 Rb8
9.Bc4 Nc7 10.a4 e6 11.dxe6 Bxe6 12.Bxe6 fxe6 13.Qe2 d5 14.e5 Nd7 15.Nb5 a6
16.Nxc7 Qxc7 17.c4 dxc4 18.Qxc4 Qc6 19.a5 b5 20.axb6 Nxb6 21.Rxa6 Rfd8 22.Qe2 Qd5
23.Ng5 h6 24.Ne4 c4 25.Ra3 Qd4+ 26.Kh1 Nd5 27.Rg3 Kh7 28.Nd6 Rb4 29.Qg4  1-0

[Event "Sochi-A"]
[Site "Sochi"]
[Date "1989.??.??"]
[Round "?"]
[White "Khalifman, Alexander"]
[Black "Kholmov, Ratmir D"]
[Result "1/2-1/2"]
[WhiteElo "2545"]
[BlackElo "2485"]

1.e4 e5 2.Nf3 Nc6 3.Bb5 a6 4.Ba4 Nf6 5.O-O Be7 6.Re1 b5 7.Bb3 d6 8.c3 O-O
9.h3 Be6 10.d4 Bxb3 11.axb3 Qb8 12.d5 Nd8 13.c4 c6 14.Nc3 b4 15.Ne2 Nxe4
16.Ned4 cxd5 17.Nf5 Re8 18.cxd5 Nc5 19.Ng5 Bxg5 20.Bxg5 g6 21.Qf3 Nd7 22.Ne7+ Kf8
23.Nc6 Nxc6 24.dxc6 Nc5 25.Rac1 Kg8 26.Red1 Ne6 27.Bf6 Qc7 28.h4 Ng7 29.Qg4 Nf5
30.Qxb4 Rab8 31.Qc4 a5 32.Qd5 Rb4 33.Bg5 Reb8 34.Bd2 R4b5 35.Qc4 Nd4 36.Be3 Rc5
37.Qf1 Rxc6 38.Bxd4 exd4 39.Rxc6 Qxc6 40.Rxd4 Rxb3 41.Qd1 Rxb2 42.Rxd6 Qc5
43.Qd4 Qxd4 44.Rxd4 Rb8 45.Ra4 Ra8 46.Kf1 Kf8 47.Ke2 Ke7 48.Kd3 Kd6 49.Kc3 Rc8+
50.Kd4 Rc2 51.Ke3 Rc5 52.Ra1 Kc6 53.Kd4 Kb6 54.Ra2 h5 55.g3 Rc7 56.Rb2+ Ka6
57.Ra2 Kb5 58.Rb2+ Ka4 59.Kd3 Rc5 60.Rb7 Rf5 61.Ke3 Ka3 62.f3 a4 63.g4 hxg4
64.fxg4 Rf6 65.h5 gxh5 66.gxh5 Ka2 67.Kd2 a3 68.h6 Rxh6 69.Rxf7 Rd6+ 70.Kc2 Rc6+
71.Kd2 Kb2 72.Rb7+ Ka1 73.Rb8 a2 74.Rb7 Rc2+ 75.Kxc2  1/2-1/2

[Event "Sochi-A"]
[Site "Sochi"]
[Date "1989.??.??"]
[Round "?"]
[White "Geller, Efim P"]
[Black "Khalifman, Alexander"]
[Result "1/2-1/2"]
[WhiteElo "2505"]
[BlackElo "2545"]

1.Nf3 Nf6 2.c4 c5 3.Nc3 Nc6 4.d4 cxd4 5.Nxd4 Qb6 6.Nc2 e6 7.e3 Be7 8.Be2 O-O
9.O-O a6 10.e4 d6 11.Be3 Qa5 12.Qd2 Bd7 13.Rfd1 Rfc8 14.f3 Rab8 15.Rab1 Qc7
16.Rbc1  1/2-1/2

[Event "Groningen"]
[Site "Groningen"]
[Date "1990.??.??"]
[Round "?"]
[White "Fedorowicz, John P"]
[Black "Khalifman, Alexander"]
[Result "0-1"]
[WhiteElo "2565"]
[BlackElo "2615"]

1.e4 e5 2.Nf3 Nc6 3.Bb5 a6 4.Ba4 Nf6 5.O-O Be7 6.Re1 b5 7.Bb3 O-O 8.a4 Bb7
9.d3 d6 10.Nc3 Na5 11.Ba2 b4 12.Ne2 Rb8 13.Ng3 c5 14.Nf5 Bc8 15.N3h4 Ne8
16.Qh5 Bxh4 17.Nxh4 b3 18.cxb3 Nxb3 19.Bxb3 Rxb3 20.Qd1 Rb4 21.g3 Be6 22.Ra3 Qb8
23.Qe2 f6 24.Ng2 Bb3 25.a5 Be6 26.Ne3 Nc7 27.Nc2 Rb7 28.Ra1 Rb3 29.f4 Nb5
30.f5 Bd7 31.g4 Nd4 32.Nxd4 cxd4 33.g5 fxg5 34.Bxg5 Rxb2 35.Qg4 d5 36.Bh6 Rf7
37.Qg3 Qd6 38.Bc1 Rb3 39.Qg5 Rxd3 40.Qd8+ Qf8 41.Qxf8+ Rxf8 42.exd5 Rxf5
43.Rb1 Bb5 44.d6 Rf6  0-1

[Event "Groningen"]
[Site "Groningen"]
[Date "1990.??.??"]
[Round "?"]
[White "Khalifman, Alexander"]
[Black "Arnason, Jon L"]
[Result "1/2-1/2"]
[WhiteElo "2615"]
[BlackElo "2540"]

1.d4 Nf6 2.c4 e6 3.g3 c5 4.d5 exd5 5.cxd5 d6 6.Nc3 g6 7.Bg2 Bg7 8.Nf3 O-O
9.O-O Nbd7 10.h3 h6 11.a4 a6 12.Rb1 Qc7 13.Bf4 Re8 14.Qc2 Rb8 15.Rfc1 b5
16.axb5 axb5 17.b4 cxb4 18.Rxb4 Nh5 19.Nxb5 Qxc2 20.Rxc2 Nxf4 21.gxf4 Rd8
22.e4 Nf6 23.Bf1 Bd7 24.Nfd4 Nxd5 25.exd5 Bxd4 26.Rxd4 Bxb5 27.f5 Bxf1 28.Kxf1 g5
29.f4 Kg7 30.fxg5 hxg5 31.h4 Kf6 32.Rc7 gxh4 33.Rxh4 Rdc8 34.Rh6+ Ke5 35.Rxf7 Rc2
36.Re7+ Kxd5 37.Re2 Rxe2 38.Kxe2  1/2-1/2

[Event "Groningen"]
[Site "Groningen"]
[Date "1990.??.??"]
[Round "?"]
[White "Khalifman, Alexander"]
[Black "Brenninkmeijer, Joris"]
[Result "1/2-1/2"]
[WhiteElo "2615"]
[BlackElo "2510"]

1.e4 e6 2.d4 d5 3.Nc3 Bb4 4.e5 c5 5.a3 Bxc3+ 6.bxc3 Ne7 7.Qg4 O-O 8.Bd3 f5
9.exf6 Rxf6 10.Bg5 Rf7 11.Qh5 g6 12.Qd1 Nbc6 13.Nf3 Qc7 14.O-O c4 15.Be2 Bd7
16.Qd2 Re8 17.Rfe1 Nc8 18.Bh4 Qf4 19.Qd1 Qh6 20.Bg3 Qf8 21.Qd2 h6 22.a4 Rh7
23.Ne5 Nxe5 24.Bxe5 Nd6 25.Bf3 a5 26.Re3  1/2-1/2

[Event "Groningen"]
[Site "Groningen"]
[Date "1990.??.??"]
[Round "?"]
[White "Shirov, Alexei"]
[Black "Khalifman, Alexander"]
[Result "1/2-1/2"]
[WhiteElo "2580"]
[BlackElo "2615"]

1.d4 d6 2.e4 Nf6 3.Nc3 g6 4.f4 Bg7 5.Nf3 c5 6.Bb5+ Bd7 7.e5 Ng4 8.e6 fxe6
9.Ng5 Bxb5 10.Nxb5 Qa5+ 11.c3 Qxb5 12.Qxg4 cxd4 13.Nxe6 Qc4 14.f5 Bf6 15.fxg6 Rg8
16.g7 Nc6 17.Nc7+ Kd8 18.Ne6+ Ke8 19.Nc7+ Kd8 20.Ne6+  1/2-1/2

[Event "Lvov zt"]
[Site "Lvov"]
[Date "1990.??.??"]
[Round "?"]
[White "Khalifman, Alexander"]
[Black "Shirov, Alexei"]
[Result "1/2-1/2"]
[WhiteElo "2560"]
[BlackElo "2500"]

1.d4 Nf6 2.c4 g6 3.Nc3 Bg7 4.e4 d6 5.Nf3 O-O 6.Be2 e5 7.O-O Nc6 8.d5 Ne7
9.Ne1 Nd7 10.Nd3 f5 11.Bd2 Kh8 12.Rc1 c5 13.b4 cxb4 14.Nxb4 Nc5 15.Bf3 Bd7
16.Be3 b6 17.Nd3 Ng8 18.Nxc5 bxc5 19.Rb1 Bh6 20.Bxh6 Nxh6  1/2-1/2